Διεθνείς οικονομικοί οργανισμοί

Αποθηκεύτηκε σε:
Λεπτομέρειες βιβλιογραφικής εγγραφής
Κύριος συγγραφέας: Ζαχαριάδης-Σούρας, Δημήτριος
Μορφή: Βιβλίο
Γλώσσα:Greek
Δημοσίευση: Αθήνα : Σταμούλης, 1993
Θέματα:
Ετικέτες: Προσθήκη ετικέτας
Δεν υπάρχουν, Καταχωρήστε ετικέτα πρώτοι!

MARC

LEADER 00000cam a2200000 i 4500
001 1/18855
008 010322s1993 gre d
020 |a 960-7306-47-3 
035 |l 10066639 
040 |a GR-MY-UA  |b gre  |e aacr 
041 0 |a gre 
082 0 |a 337.1 
100 1 |a Ζαχαριάδης-Σούρας, Δημήτριος. 
245 1 0 |a Διεθνείς οικονομικοί οργανισμοί /  |c Δημ. Ζαχαριάδη - Σούρα 
260 |a Αθήνα :   |b Σταμούλης,   |c 1993 
300 |a 192 σ. 
504 |a Περιλαμβάνει βιβλιογραφία 
650 0 0 |a International agencies. 
650 0 0 |a International economic relations. 
650 0 0 |a International finance. 
852 |a INST  |b CHIOS  |e 20010322  |h 337.1 ΖΑΧ  |p 005200016984  |q 005200016984  |t BK  |y 0 
901 |a BIBL2-2001-1 
909 |a Χ  |b 076214 
970 |a ΣΑΛΑΜΟΥΡΑ  |b ΜΑΡΙΑ  |z 2001/03/22